|
|
|
|
| LEADER |
00755cam a2200217 7i4500 |
| 001 |
0000026440 |
| 005 |
20191008090000.0 |
| 020 |
|
|
|a 9789676113054 (pbk.)
|
| 020 |
|
|
|a 9676113050 (pbk.)
|
| 090 |
0 |
0 |
|a BF637
|b .N67 2002
|
| 100 |
0 |
|
|a Noraini Ahmad
|
| 245 |
1 |
0 |
|a Kaunseling kekeluargaan :
|b komunikasi berkesan dengan anak
|c Noraini Ahmad.
|
| 260 |
|
|
|a Kuala Lumpur:
|b Utusan Pub. & Dis. Sdn. Bhd.,
|c 2002.
|
| 300 |
|
|
|a vi, 87 p.:
|b ill.;
|c 21 cm.
|
| 490 |
0 |
|
|a Siri motivasi dan kecemerlangan Utusan
|
| 650 |
0 |
0 |
|a Family counseling
|
| 650 |
0 |
0 |
|a Interpersonal relations
|
| 650 |
0 |
0 |
|a Counseling
|
| 650 |
0 |
0 |
|a Parent and child
|
| 999 |
|
|
|a 0000027537
|b BOK
|c OPEN SHELF
|e 1st Floor, Bestari Jaya
|
| 999 |
|
|
|a 0000067688
|b BOK
|c OPEN SHELF
|e 1st Floor, Bestari Jaya
|